[Event "Niedersachsen-ch Seniors op 14th"]
[Site "Bad Bevensen"]
[Date "2011.07.08"]
[Round "4"]
[White "Farin, Friedrich"]
[Black "Ludwig, Timm"]
[Result "0-1"]
[WhiteElo "1250"]
[BlackElo "1406"]
[PlyCount "74"]
[EventDate "2011.07.05"]
[EventType "swiss"]
[EventRounds "9"]
[EventCountry "GER"]
[SourceTitle "EXT 2012"]
[Source "ChessBase"]
[SourceDate "2011.11.24"]
[SourceVersion "1"]
[SourceVersionDate "2011.11.24"]
[SourceQuality "1"]

1. d4 Nf6 2. Nf3 g6 3. e3 d5 4. c4 c6 5. Nc3 Bg7 6. Bd3 0-0 7. 0-0 Nbd7 8. Qc2 Re8 9. e4 dxe4 10. Nxe4 Nxe4 11. Bxe4 e5 12. Be3 f5 13. Bg5 Qc7 14. Nxe5 Nxe5 15. dxe5 fxe4 16. f4 exf3 17. Rxf3 Bf5 18. Qb3 Qb6+ 19. c5+ Qxb3 20. Rxb3 Bxe5 21. Rxb7 Reb8 22. Rxb8+ Rxb8 23. Rd1 Rxb2 24. Bh6 Rb1 25. Rxb1 Bxb1 26. a4 Bd4+ 27. Kf1 Bxc5 28. Ke2 Bc2 29. a5 Bb4 30. Bd2 Bxd2 31. Kxd2 Ba4 32. h4 Kf7 33. Ke3 Kf6 34. g4 Ke5 35. g5 c5 36. Kd3 Bb5+ 37. Kc3 Kf5 0-1

[Event "Niedersachsen-ch Seniors op 14th"]
[Site "Bad Bevensen"]
[Date "2011.07.05"]
[Round "1"]
[White "Mertens, Gottfried"]
[Black "Farin, Friedrich"]
[Result "1-0"]
[WhiteElo "1775"]
[BlackElo "1250"]
[PlyCount "79"]
[EventDate "2011.07.05"]
[EventType "swiss"]
[EventRounds "9"]
[EventCountry "GER"]
[SourceTitle "EXT 2012"]
[Source "ChessBase"]
[SourceDate "2011.11.24"]
[SourceVersion "1"]
[SourceVersionDate "2011.11.24"]
[SourceQuality "1"]

1. d4 d5 2. c4 e6 3. Nc3 a6 4. cxd5 exd5 5. Qb3 c6 6. Nf3 g6 7. Bg5 f6 8. Bf4 Nd7 9. e3 Nh6 10. Bd3 Bg7 11. 0-0 0-0 12. e4 Nb6 13. Rac1 g5 14. Bg3 g4 15. Nh4 f5 16. Ne2 fxe4 17. Bxe4 Kh8 18. Bd3 Nf5 19. Nxf5 Bxf5 20. Be5 Bxd3 21. Bxg7+ Kxg7 22. Qxd3 Nc4 23. Qg3 Nxb2 24. Qxg4+ Kh8 25. Rb1 Rg8 26. Qh3 Nc4 27. Rxb7 Rg7 28. Rxg7 Kxg7 29. Nf4 Qe8 30. Ne6+ Kh8 31. Nc7 Qe2 32. Nxa8 Nd2 33. Rc1 Ne4 34. Qe3 Qxa2 35. f3 Nd2 36. Re1 Nc4 37. Qg5 Nd6 38. Qe5+ Kg8 39. Qxd6 Qd2 40. Qe7 1-0

[Event "Niedersachsen-ch Seniors op 13th"]
[Site "Bad Bevensen"]
[Date "2010.07.14"]
[Round "9"]
[White "Farin, Friedrich"]
[Black "Luebbers, Doris"]
[Result "0-1"]
[WhiteElo "1289"]
[BlackElo "1386"]
[PlyCount "94"]
[EventDate "2010.07.06"]
[EventType "swiss"]
[EventRounds "9"]
[EventCountry "GER"]
[SourceTitle "EXT 2012"]
[Source "ChessBase"]
[SourceDate "2011.11.24"]
[SourceVersion "1"]
[SourceVersionDate "2011.11.24"]
[SourceQuality "1"]

1. d4 d5 2. c4 c6 3. Nc3 Nf6 4. Nf3 Bg4 5. e3 Nbd7 6. cxd5 cxd5 7. Be2 e6 8. 0-0 Be7 9. a3 0-0 10. b4 a6 11. h3 Bf5 12. Nh2 h6 13. g4 Bh7 14. f4 Ne4 15. Nxe4 Bxe4 16. f5 Rc8 17. Ra2 Nb6 18. fxe6 fxe6 19. Nf3 Nc4 20. Bxc4 dxc4 21. Ne5 Rxf1+ 22. Qxf1 Bf6 23. Nxc4 Bd5 24. Rc2 b5 25. Qf2 Bxc4 26. Bb2 Bh4 27. Qg2 Qe7 28. e4 Rf8 29. e5 Bg5 30. Bc1 Bxc1 31. Rxc1 Qd7 32. Rd1 Rf4 33. g5 Bd5 34. Qg3 hxg5 35. Qxg5 Qf7 36. h4 Rf5 37. Qg3 Rf3 38. Qg5 Rh3 39. Qd8+ Kh7 40. Qxd5 exd5 41. Rf1 Qe6 42. Rf4 Rxa3 43. Kg2 Qg6+ 44. Kf1 Ra2 45. e6 Qxe6 46. Rf2 Qh3+ 47. Rg2 Qxg2+ 0-1

[Event "Niedersachsen-ch Seniors op 13th"]
[Site "Bad Bevensen"]
[Date "2010.07.11"]
[Round "6"]
[White "Ludwig, Siegfried"]
[Black "Farin, Friedrich"]
[Result "1/2-1/2"]
[WhiteElo "1394"]
[BlackElo "1289"]
[PlyCount "83"]
[EventDate "2010.07.06"]
[EventType "swiss"]
[EventRounds "9"]
[EventCountry "GER"]
[SourceTitle "EXT 2012"]
[Source "ChessBase"]
[SourceDate "2011.11.24"]
[SourceVersion "1"]
[SourceVersionDate "2011.11.24"]
[SourceQuality "1"]

1. e4 h6 2. Nf3 g5 3. b3 Bg7 4. d4 d6 5. Bb2 Nf6 6. Nc3 0-0 7. Be2 c6 8. 0-0 b5 9. b4 Bb7 10. a3 Nbd7 11. Rb1 a5 12. h3 Qc7 13. Nh2 e5 14. d5 cxd5 15. exd5 Nxd5 16. Nxb5 Qb6 17. c4 Nf4 18. Bg4 Bxg2 19. Re1 Bxh3 20. Bxd7 Bxd7 21. Qf3 Bc6 22. Qg3 Bxb5 23. cxb5 Qxb5 24. Bc3 Ne2+ 25. Rxe2 Qxe2 26. Re1 Qc2 27. bxa5 Rfc8 28. Bb4 Rd8 29. Ng4 f6 30. Ne3 Qb3 31. Qg4 d5 32. Qe6+ Kh8 33. Nf5 Re8 34. Qf7 Rg8 35. Ne7 e4 36. a6 Rgf8 37. Ng6+ Kh7 38. Nxf8+ Kh8 39. a7 Qa4 40. Ng6+ Kh7 41. Nf8+ Kh8 42. Ng6+ 1/2-1/2

[Event "Niedersachsen-ch Seniors op 13th"]
[Site "Bad Bevensen"]
[Date "2010.07.06"]
[Round "1"]
[White "Farin, Friedrich"]
[Black "Smits, Oswald"]
[Result "0-1"]
[WhiteElo "1289"]
[BlackElo "1797"]
[PlyCount "78"]
[EventDate "2010.07.06"]
[EventType "swiss"]
[EventRounds "9"]
[EventCountry "GER"]
[SourceTitle "EXT 2012"]
[Source "ChessBase"]
[SourceDate "2011.11.24"]
[SourceVersion "1"]
[SourceVersionDate "2011.11.24"]
[SourceQuality "1"]

1. d4 d5 2. c4 e6 3. Nf3 Nf6 4. a3 Nbd7 5. Nc3 b6 6. Qc2 Bb7 7. cxd5 exd5 8. e3 Be7 9. Bd3 0-0 10. 0-0 h6 11. h3 Re8 12. Nb5 c6 13. Ne5 cxb5 14. Nxf7 Kxf7 15. Bg6+ Kg8 16. Bxe8 Nxe8 17. f3 Nd6 18. e4 dxe4 19. fxe4 Bxe4 20. Qb3+ Kh7 21. Bd2 Nf6 22. Rf2 Bd5 23. Qc3 Nde4 24. Qd3 Bc4 25. Qc2 Rc8 26. Bc3 Kh8 27. Rf3 Qd5 28. Qc1 Rf8 29. Qe3 Bd6 30. b4 Re8 31. Qc1 Ng3 32. Re3 Ne2+ 33. Rxe2 Rxe2 34. Qf1 Ne4 35. Rc1 Nxc3 36. Kh1 Qxd4 37. Re1 Rxe1 38. Qxe1 Ne2 39. Qb1 Qf4 0-1

[Event "Hessen-ch Seniors op 05th"]
[Site "Bad Sooden-Allendorf"]
[Date "2009.04.26"]
[Round "2"]
[White "Farin, Friedrich"]
[Black "Filbry, Lothar"]
[Result "0-1"]
[WhiteElo "1289"]
[BlackElo "1609"]
[PlyCount "114"]
[EventDate "2009.04.25"]
[EventType "swiss"]
[EventRounds "9"]
[EventCountry "GER"]
[SourceTitle "EXT 2022"]
[Source "ChessBase"]
[SourceDate "2021.10.06"]
[SourceVersion "1"]
[SourceVersionDate "2021.10.06"]
[SourceQuality "1"]

1. d4 d5 2. c4 e6 3. Nf3 Nf6 4. Nc3 Nbd7 5. cxd5 exd5 6. e3 Be7 7. Bd3 0-0 8. 0-0 a6 9. e4 dxe4 10. Nxe4 Nb6 11. Qc2 h6 12. b3 Bg4 13. Ne5 Be6 14. Bb2 Nbd5 15. Rac1 Rc8 16. a3 c6 17. b4 Nf4 18. Nxf6+ Bxf6 19. Bh7+ Kh8 20. Be4 Nd5 21. h3 Bg5 22. Rce1 Nb6 23. Qe2 Bf6 24. f4 Bxe5 25. dxe5 Bc4 26. Qg4 Qd2 27. Bc1 Qd8 28. Rd1 Qe7 29. Rfe1 Rcd8 30. Bb2 Rxd1 31. Rxd1 Bd5 32. f5 Qg5 33. Qf3 Re8 34. Bc1 Qe7 35. Bb2 Bxe4 36. Qxe4 Rd8 37. Rxd8+ Qxd8 38. Qg4 Qg5 39. Qe4 Nd5 40. e6 fxe6 41. fxe6 Kg8 42. h4 Qe7 43. Qe5 Nc7 44. Qg3 Nxe6 45. Bc1 Kh8 46. Bb2 Nc7 47. Qg6 Kg8 48. Qg3 Nd5 49. Kh2 Qf7 50. Be5 Ne7 51. Bf4 Nf5 52. Qg4 Qf6 53. Bxh6 Qxh4+ 54. Qxh4 Nxh4 55. Bg5 Nf5 56. g4 Nd4 57. Kg3 Kf7 0-1

[Event "Bad Wildungen Seniors op 3rd"]
[Site "Bad Wildungen"]
[Date "2006.08.04"]
[Round "5"]
[White "Janzen, Christian"]
[Black "Farin, Friedrich"]
[Result "1-0"]
[WhiteElo "1593"]
[BlackElo "1361"]
[PlyCount "68"]
[EventDate "2006.07.31"]
[EventType "swiss"]
[EventRounds "9"]
[EventCountry "GER"]
[SourceTitle "EXT 2007"]
[Source "ChessBase"]
[SourceDate "2006.11.23"]
[SourceVersion "1"]
[SourceVersionDate "2006.11.23"]
[SourceQuality "1"]

1. d4 g6 2. e4 Bg7 3. c3 d6 4. Bf4 Nd7 5. Nf3 Ngf6 6. Nbd2 c6 7. h3 Qc7 8. Bd3 e5 9. Bh2 a6 10. Nc4 b5 11. Nxd6+ Qxd6 12. dxe5 Nxe5 13. Nxe5 Qc5 14. Nf3 0-0 15. 0-0 Rd8 16. Qc2 Re8 17. Bf4 Nh5 18. Be3 Qd6 19. Rad1 Qc7 20. Rfe1 Bd7 21. Qc1 Be5 22. Nxe5 Qxe5 23. f4 Qf6 24. e5 Qh4 25. Bf1 Bxh3 26. gxh3 Qg3+ 27. Bg2 Re6 28. Qd2 Rae8 29. Qf2 f6 30. Qxg3 Nxg3 31. Bf2 Nh5 32. exf6 Nxf6 33. Rxe6 Rxe6 34. Bf3 a5 1-0

[Event "Niedersachsen-ch Seniors op 09th"]
[Site "Bad Bevensen"]
[Date "2006.06.28"]
[Round "5"]
[White "Farin, Friedrich"]
[Black "Ludwig, Siegfried"]
[Result "0-1"]
[WhiteElo "1319"]
[BlackElo "1412"]
[PlyCount "46"]
[EventDate "2006.06.24"]
[EventType "swiss"]
[EventRounds "9"]
[EventCountry "GER"]
[SourceTitle "EXT 2022"]
[Source "ChessBase"]
[SourceDate "2021.10.06"]
[SourceVersion "1"]
[SourceVersionDate "2021.10.06"]
[SourceQuality "1"]

1. d4 d5 2. Nc3 e6 3. a3 Nf6 4. Bg5 Be7 5. e4 Nxe4 6. Bxe7 Nxc3 7. Bxd8 Nxd1 8. Rxd1 Kxd8 9. f4 f5 10. Nf3 h6 11. h3 a6 12. Ne5 Rf8 13. Be2 Nd7 14. Rf1 Nf6 15. g4 fxg4 16. hxg4 Ne4 17. Rf3 Bd7 18. b3 Bb5 19. c4 Bc6 20. f5 exf5 21. Ng6 Rf6 22. gxf5 Kd7 23. Ne5+ Ke7 0-1

[Event "Niedersachsen-ch Seniors op 09th"]
[Site "Bad Bevensen"]
[Date "2006.06.24"]
[Round "2"]
[White "Berg, Gerd"]
[Black "Farin, Friedrich"]
[Result "0-1"]
[WhiteElo "1406"]
[BlackElo "1319"]
[PlyCount "54"]
[EventDate "2006.06.24"]
[EventType "swiss"]
[EventRounds "9"]
[EventCountry "GER"]
[SourceTitle "EXT 2022"]
[Source "ChessBase"]
[SourceDate "2021.10.06"]
[SourceVersion "1"]
[SourceVersionDate "2021.10.06"]
[SourceQuality "1"]

1. c4 g6 2. Nf3 d6 3. Nc3 Bg7 4. d4 Nf6 5. e4 0-0 6. Be2 Bg4 7. h3 Bxf3 8. Bxf3 Nbd7 9. 0-0 e5 10. Be3 exd4 11. Bxd4 c5 12. Be3 Ne5 13. Qe2 Re8 14. Rab1 Qd7 15. Rfd1 Qe6 16. Nd5 Rac8 17. Nxf6+ Bxf6 18. b3 Rcd8 19. Rd5 Nxf3+ 20. Qxf3 Qxe4 21. Qxe4 Rxe4 22. Rbd1 Be7 23. Kf1 b6 24. R1d3 f5 25. f3 Re6 26. Bh6 g5 27. Rxf5 Rxh6 0-1

[Event "Wch Seniors 12th"]
[Site "Naumburg"]
[Date "2002.11.02"]
[Round "11"]
[White "Farin, Friedrich"]
[Black "Rauscher, Erwin"]
[Result "1/2-1/2"]
[WhiteElo "1324"]
[BlackElo "1579"]
[PlyCount "116"]
[EventDate "2002.10.21"]
[EventType "swiss"]
[EventRounds "11"]
[EventCountry "GER"]
[SourceTitle "EXT 2006"]
[Source "ChessBase"]
[SourceDate "2005.11.24"]
[SourceVersion "1"]
[SourceVersionDate "2005.11.24"]
[SourceQuality "1"]

1. d4 d5 2. Nf3 g6 3. e3 Bg7 4. c4 c6 5. cxd5 cxd5 6. Bb5+ Bd7 7. Qa4 Bxb5 8. Qxb5+ Qd7 9. Nc3 e6 10. 0-0 a6 11. Qxd7+ Nxd7 12. e4 Ne7 13. exd5 Nxd5 14. Nxd5 exd5 15. Re1+ Kf8 16. b3 Bf6 17. Ba3+ Kg7 18. Be7 Rhe8 19. Bxf6+ Nxf6 20. Ne5 Rac8 21. Rac1 h5 22. h4 Kg8 23. f3 Kg7 24. g3 Kg8 25. Kg2 Kg7 26. Kh3 Kf8 27. g4 hxg4+ 28. fxg4 Ne4 29. Rf1 Rxc1 30. Rxc1 Re7 31. Rf1 Rc7 32. Nxg6+ Kg7 33. Ne5 Rc3+ 34. Rf3 f6 35. Rxc3 Nxc3 36. Nd7 b5 37. Nb6 a5 38. a4 bxa4 39. bxa4 Kf7 40. h5 Ne2 41. Nxd5 Nxd4 42. Ne3 Nb3 43. Nc4 Nc5 44. Nxa5 Nxa4 45. Nc6 Nc5 46. Nd4 Ne4 47. Kh4 Kg7 48. Nf5+ Kh7 49. Ne7 Kh6 50. Nf5+ Kh7 51. Ng3 Ng5 52. Nf5 Nf3+ 53. Kg3 Ng5 54. h6 Kg6 55. Kf4 Nh3+ 56. Kg3 Ng5 57. Kh4 Nf3+ 58. Kg3 Ng5 1/2-1/2

[Event "Wch Seniors 12th"]
[Site "Naumburg"]
[Date "2002.10.22"]
[Round "2"]
[White "Demmer, Wolfgang"]
[Black "Farin, Friedrich"]
[Result "1-0"]
[WhiteElo "1753"]
[BlackElo "1324"]
[PlyCount "95"]
[EventDate "2002.10.21"]
[EventType "swiss"]
[EventRounds "11"]
[EventCountry "GER"]
[SourceTitle "EXT 2006"]
[Source "ChessBase"]
[SourceDate "2005.11.24"]
[SourceVersion "1"]
[SourceVersionDate "2005.11.24"]
[SourceQuality "1"]

1. e4 d6 2. d4 Nf6 3. Nc3 g6 4. f4 Bg7 5. Nf3 0-0 6. Be2 c5 7. dxc5 Qa5 8. 0-0 Qxc5+ 9. Kh1 Nc6 10. a3 Ng4 11. Qd3 Bxc3 12. bxc3 f5 13. Qd5+ e6 14. Qxc5 dxc5 15. e5 h5 16. Ng5 Nh6 17. Bc4 Re8 18. Rd1 a6 19. Rd6 b5 20. Bxe6+ Bxe6 21. Nxe6 Rac8 22. Nxc5 Ne7 23. Be3 Ng4 24. Bd4 Kh7 25. h3 Nh6 26. Nxa6 Nf7 27. Rb6 g5 28. e6 Nd8 29. fxg5 Kg6 30. h4 Nec6 31. Nb4 Nxd4 32. cxd4 Rxe6 33. Rxb5 Re4 34. Rb6+ Ne6 35. d5 Re8 36. Rxe6+ R8xe6 37. dxe6 Rxe6 38. Nd3 Re4 39. g3 Re3 40. Nf4+ Kf7 41. Kg2 Kg7 42. Nxh5+ Kf7 43. Nf4 Rc3 44. Ra2 Kg7 45. a4 Rc8 46. a5 Ra8 47. Nd5 Kf8 48. Nb6 1-0

[Event "Wch Seniors 12th"]
[Site "Naumburg"]
[Date "2002.10.21"]
[Round "1"]
[White "Farin, Friedrich"]
[Black "Gudat, Alfons"]
[Result "0-1"]
[WhiteElo "1324"]
[BlackElo "2054"]
[PlyCount "126"]
[EventDate "2002.10.21"]
[EventType "swiss"]
[EventRounds "11"]
[EventCountry "GER"]
[SourceTitle "EXT 2006"]
[Source "ChessBase"]
[SourceDate "2005.11.24"]
[SourceVersion "1"]
[SourceVersionDate "2005.11.24"]
[SourceQuality "1"]

1. d4 Nf6 2. Nc3 d5 3. Bg5 Nbd7 4. e3 g6 5. Bd3 Bg7 6. Nge2 0-0 7. e4 dxe4 8. Nxe4 Nxe4 9. Bxe4 c5 10. c3 h6 11. Bh4 Qb6 12. b3 cxd4 13. 0-0 dxc3 14. Rc1 Nc5 15. Nxc3 Bxc3 16. Rxc3 Nxe4 17. Re3 Nf6 18. Rfe1 Be6 19. Rc3 Rfd8 20. Qc1 Kg7 21. Bg3 Rd7 22. Bf4 Ng8 23. Be3 Qa6 24. a4 Rad8 25. h3 f6 26. f3 Bf7 27. g4 e5 28. Kf2 g5 29. h4 Ne7 30. hxg5 hxg5 31. Bxg5 fxg5 32. Qxg5+ Qg6 33. Qxe5+ Qf6 34. Rce3 Qxe5 35. Rxe5 Ng6 36. Rg5 Rd5 37. Rxd5 Rxd5 38. Kg3 Rd3 39. b4 Bd5 40. Rf1 Ne5 41. Kf4 Rxf3+ 42. Rxf3 Nxf3 43. Kf5 Kf7 44. g5 Bb3 45. g6+ Kg7 46. a5 Bc2+ 47. Kf4 Kxg6 48. Kxf3 Kf5 49. Ke3 Ke5 50. Kd2 Ba4 51. Ke3 Bb5 52. Kd2 Kd4 53. Kc2 Kc4 54. a6 b6 55. Kc1 Kxb4 56. Kb2 Bxa6 57. Ka2 Kc3 58. Ka3 b5 59. Ka2 b4 60. Ka1 Bd3 61. Ka2 b3+ 62. Ka3 b2 63. Ka4 b1Q 0-1

[Event "Bayern-ch Seniors 14th"]
[Site "Schloss Schney"]
[Date "2002.06.08"]
[Round "9"]
[White "Polk, Maria"]
[Black "Farin, Friedrich"]
[Result "0-1"]
[WhiteElo "1186"]
[BlackElo "1291"]
[PlyCount "88"]
[EventDate "2002.05.31"]
[EventType "swiss"]
[EventRounds "9"]
[EventCountry "GER"]
[SourceTitle "EXT 2003"]
[Source "ChessBase"]
[SourceDate "2002.11.25"]
[SourceVersion "1"]
[SourceVersionDate "2002.11.25"]
[SourceQuality "1"]

1. e4 d6 2. g3 Nf6 3. Bg2 g6 4. Ne2 Bg7 5. h3 Nbd7 6. a3 e5 7. 0-0 0-0 8. d4 b6 9. Be3 c6 10. Nd2 Bb7 11. Nc4 Qc7 12. Qc1 b5 13. Nd2 exd4 14. Bxd4 c5 15. Be3 Rae8 16. Nc3 a6 17. Re1 Re6 18. Bf4 Rfe8 19. Kh2 Nh5 20. Nf3 Nxf4 21. Qxf4 Nf6 22. g4 Nxe4 23. Re3 g5 24. Nxg5 Be5 25. Nxe6 fxe6 26. Qxe5 dxe5 27. Bxe4 Rf8 28. Kg1 c4 29. Bxb7 Qxb7 30. Rxe5 Qf3 31. Ne4 Qxh3 32. Rg5+ Kh8 33. Rf1 Qf3 34. Ng3 Qf4 35. Rh5 Qxg4 36. Rh2 Rg8 37. Rg2 h5 38. f3 Qd4+ 39. Kh1 h4 40. c3 Qd3 41. Rh2 Rxg3 42. Rxh4+ Kg7 43. Rf2 Qd1+ 44. Kh2 Qg1# 0-1